Bases psicopedagógicas de la educación especial (Record no. 20999)

MARC details
000 -LEADER
campo de control de longitud fija 01158nmm a2200361 a 4500
003 - IDENTIFICADOR DE NÚMERO DE CONTROL
campo de control AR-BaBNM
005 - FECHA Y HORA DE LA ÚLTIMA TRANSACCIÓN
campo de control 20251128211748.0
008 - DATOS DE LONGITUD FIJA--INFORMACIÓN GENERAL
campo de control de longitud fija 216020sc200 ||||||||||||||000 | spa||
020 ## - NÚMERO INTERNACIONAL ESTÁNDAR DEL LIBRO
Número Internacional Estándar del Libro 84-205-3713-6
040 ## - FUENTE DE CATALOGACIÓN
Centro/agencia transcriptor AR-BaBNM
100 1# - ENTRADA PRINCIPAL--NOMBRE DE PERSONA
Nombre de persona Deutsch Smith, Deborah
245 10 - MENCIÓN DEL TÍTULO
Título Bases psicopedagógicas de la educación especial
Resto del título enseñando en una época de oportunidades
250 ## - MENCION DE EDICION
Mención de edición 4ª ed.
260 ## - PUBLICACIÓN, DISTRIBUCIÓN, ETC.
Lugar de publicación, distribución, etc. Madrid
Nombre del editor, distribuidor, etc. Pearson-Prentice Hall
Fecha de publicación, distribución, etc. c2003
Lugar de publicación, distribución, etc. Buenos Aires
300 0# - DESCRIPCIÓN FÍSICA
Extensión 636 p.
504 ## - NOTA DE BIBLIOGRAFÍA, ETC.
Nota de bibliografía, etc. Nota Contiene referencias bibliograficas
650 #4 - PUNTO DE ACCESO ADICIONAL DE MATERIA--TÉRMINO DE MATERIA
Término de materia o nombre geográfico como elemento de entrada EDUCACION ESPECIAL
650 #4 - PUNTO DE ACCESO ADICIONAL DE MATERIA--TÉRMINO DE MATERIA
Término de materia o nombre geográfico como elemento de entrada ENFERMEDADES DEL SISTEMA NERVIOSO
650 #4 - PUNTO DE ACCESO ADICIONAL DE MATERIA--TÉRMINO DE MATERIA
Término de materia o nombre geográfico como elemento de entrada AUTISMO
650 #4 - PUNTO DE ACCESO ADICIONAL DE MATERIA--TÉRMINO DE MATERIA
Término de materia o nombre geográfico como elemento de entrada DIFICULTADES EN EL APRENDIZAJE
653 #0 - TÉRMINO DE INDIZACIÓN--NO CONTROLADO
Término no controlado PSICOPEDAGOGIA
653 #0 - TÉRMINO DE INDIZACIÓN--NO CONTROLADO
Término no controlado DISCAPACIDAD AUDITIVA
653 #0 - TÉRMINO DE INDIZACIÓN--NO CONTROLADO
Término no controlado DISCAPACIDAD MENTAL
653 #0 - TÉRMINO DE INDIZACIÓN--NO CONTROLADO
Término no controlado DISCAPACIDAD MOTORA
653 #0 - TÉRMINO DE INDIZACIÓN--NO CONTROLADO
Término no controlado DISCAPACIDAD VISUAL
653 #0 - TÉRMINO DE INDIZACIÓN--NO CONTROLADO
Término no controlado TRASTORNOS DEL LENGUAJE
700 1# - ENTRADA AGREGADA--NOMBRE PERSONAL
Nombre de persona Espinosa Bayal, María Angeles
Término indicativo de función/relación traductor
700 1# - ENTRADA AGREGADA--NOMBRE PERSONAL
Nombre de persona Graña Cid, Arturo
Término indicativo de función/relación traductor
700 1# - ENTRADA AGREGADA--NOMBRE PERSONAL
Nombre de persona Ramos Aguado, Fernando
Término indicativo de función/relación traductor
700 1# - ENTRADA AGREGADA--NOMBRE PERSONAL
Nombre de persona Criado del Pozo, María José
Término indicativo de función/relación revisión
942 ## - ELEMENTOS DE ENTRADA SECUNDARIOS (KOHA)
Tipo de ítem Koha Libros
998 ## - INFORMACIÓN DE CONTROL LOCAL (RLIN)
Iniciales del catalogador, CIN (RLIN) me-solo cat
Holdings
Estatus retirado Estado de pérdida Fuente de la clasificación o esquema de estantería Estado de daño No para préstamo Biblioteca de origen Biblioteca actual Fecha de adquisición Total de préstamos Signatura topográfica completa Código de barras Visto por última vez Precio de reemplazo Tipo de ítem Koha Fuente de adquisición
    Clasificación Decimal Dewey     Liberty Liberty 28/11/2025   376 DEU 141756 28/11/2025 28/11/2025 Libros  
    Clasificación Decimal Dewey     Liberty Liberty 28/11/2025   376 DEU 143076 28/11/2025 28/11/2025 Libros C-BP-014